MUR SIKHYA ARU MUR SIKHYOK (Record no. 31968)
[ view plain ]
| 000 -LEADER | |
|---|---|
| fixed length control field | 00372nam a22001457a 4500 |
| 005 - DATE AND TIME OF LATEST TRANSACTION | |
| control field | 20251017070909.0 |
| 008 - FIXED-LENGTH DATA ELEMENTS--GENERAL INFORMATION | |
| fixed length control field | 251017b |||||||| |||| 00| 0 eng d |
| 040 ## - CATALOGING SOURCE | |
| Original cataloging agency | |
| Transcribing agency | |
| 100 ## - MAIN ENTRY--PERSONAL NAME | |
| Personal name | DUTTA DILIP KUMAR |
| 9 (RLIN) | 928 |
| 245 ## - TITLE STATEMENT | |
| Title | MUR SIKHYA ARU MUR SIKHYOK |
| 250 ## - EDITION STATEMENT | |
| Edition statement | 2ND |
| 260 ## - PUBLICATION, DISTRIBUTION, ETC. | |
| Place of publication, distribution, etc. | DIBRUGARH |
| Name of publisher, distributor, etc. | BANALATA |
| Date of publication, distribution, etc. | DECEMBER,2008 |
| 300 ## - PHYSICAL DESCRIPTION | |
| Extent | 367:P |
| Dimensions | 21CM |
| 942 ## - ADDED ENTRY ELEMENTS (KOHA) | |
| Source of classification or shelving scheme | Dewey Decimal Classification |
| Koha item type | Books |
| Withdrawn status | Lost status | Source of classification or shelving scheme | Damaged status | Not for loan | Collection code | Home library | Current library | Shelving location | Date acquired | Total Checkouts | Barcode | Date last seen | Price effective from | Koha item type | Public note |
|---|---|---|---|---|---|---|---|---|---|---|---|---|---|---|---|
| Dewey Decimal Classification | TBASM | Central Library and Information Centre Sibsagar Girls College | Central Library and Information Centre Sibsagar Girls College | BBLMC | 18.02.2022 | 47361 | 17.10.2025 | 17.10.2025 | Books | V |